Derecho ambiental administrativo
Saved in:
| Hovedforfatter: | |
|---|---|
| Format: | Bog |
| Sprog: | spansk |
| Udgivet: |
Madrid
Dykinson
2001
|
| Udgivelse: | 2a. ed |
| Fag: | |
| Tags: |
Tilføj Tag
Ingen Tags, Vær først til at tagge denne postø!
|
MARC
| LEADER | 00000nam a2200000 a 4500 | ||
|---|---|---|---|
| 001 | UCM8939 | ||
| 003 | CL-VaPUC | ||
| 008 | 030404e20010000SP |||||||||||||||||spa|d | ||
| 082 | 0 | 4 | |a 341.762 |b LOZ |2 21 |
| 100 | |a Lozano Cutanda, Blanca |e autora |9 533942 | ||
| 245 | 1 | 0 | |a Derecho ambiental administrativo |
| 250 | |a 2a. ed | ||
| 300 | |a 436 p | ||
| 942 | |c BK | ||
| 945 | |d 20030404 00:00:00 |a cmena | ||
| 260 | |a Madrid |b Dykinson |c 2001 | ||
| 650 | 0 | |a Derecho ambiental |9 257835 | |
| 650 | 0 | |a Protección del medio ambiente |9 257626 | |
| 650 | 0 | |a Recursos naturales |9 255232 | |
| 650 | 0 | |a Protección jurídica |9 475151 | |
| 583 | |a last modification |c 20030404 00:00:00 |k Rodrigo Vera | ||
| 999 | |c 303351 |d 303349 | ||
| 952 | |0 0 |1 0 |4 0 |6 341_762000000000000_LOZ_2001 |7 0 |8 A |9 364589 |a BIBDER |b BIBDER |d 2019-11-21 |i 3891399 |o 341.762 LOZ 2001 |p 3891399 |r 2023-01-25 |w 2019-11-21 |y BK |k DER | ||